[Event "Dortmund Sparkassen op-A 45th"]
[Site "Dortmund"]
[Date "2017.07.22"]
[Round "8"]
[White "Nguyen, Lucas"]
[Black "Wastian, Jan"]
[Result "1/2-1/2"]
[WhiteElo "1934"]
[BlackElo "1878"]
[PlyCount "59"]
[EventDate "2017.07.15"]
[EventType "swiss"]
[EventRounds "9"]
[EventCountry "GER"]
[SourceTitle "CBM 179 Extra"]
[Source "ChessBase"]
[SourceDate "2017.08.23"]
[SourceVersion "1"]
[SourceVersionDate "2017.08.23"]
[SourceQuality "1"]

1. e4 c6 2. Nc3 d5 3. Nf3 Bg4 4. h3 Bxf3 5. Qxf3 e6 6. exd5 cxd5 7. Bb5+ Nc6 8. d4 Be7 9. Be3 a6 10. Bxc6+ bxc6 11. 0-0 Nf6 12. Qg3 0-0 13. Rae1 Qd6 14. Qxd6 Bxd6 15. Na4 Rab8 16. Rc1 Rb4 17. b3 Rc8 18. c3 Rb7 19. c4 Kf8 20. Rc2 Ke7 21. Rfc1 Kd7 22. cxd5 Nxd5 23. Nc5+ Bxc5 24. Rxc5 Rb5 25. Bd2 Rc7 26. Kf1 Rc8 27. Ke2 Rc7 28. g3 Rc8 29. Ba5 Nf6 30. Kd3 1/2-1/2

[Event "Dortmund Sparkassen op-A 44th"]
[Site "Dortmund"]
[Date "2016.07.14"]
[Round "6"]
[White "Knudsen, Martin"]
[Black "Wastian, Jan"]
[Result "1/2-1/2"]
[WhiteElo "2018"]
[BlackElo "1877"]
[PlyCount "36"]
[EventDate "2016.07.09"]
[EventType "swiss"]
[EventRounds "9"]
[EventCountry "GER"]
[SourceTitle "CBM 173 Extra"]
[Source "ChessBase"]
[SourceDate "2016.08.29"]
[SourceVersion "1"]
[SourceVersionDate "2016.08.29"]
[SourceQuality "1"]

1. c4 c6 2. e4 d5 3. exd5 cxd5 4. cxd5 Nf6 5. Bb5+ Nbd7 6. Nc3 g6 7. Nf3 Bg7 8. a4 0-0 9. a5 a6 10. Bxd7 Bxd7 11. Qb3 Bb5 12. Nxb5 axb5 13. Qxb5 Qxd5 14. Qxd5 Nxd5 15. d4 b6 16. Bd2 bxa5 17. 0-0 Rfb8 18. Rfc1 Rxb2 1/2-1/2

[Event "Vellmar op 7th"]
[Site "Vellmar"]
[Date "2015.08.09"]
[Round "7"]
[White "Fabregas, Oliver"]
[Black "Wastian, Jan"]
[Result "1-0"]
[WhiteElo "1957"]
[BlackElo "1760"]
[PlyCount "85"]
[EventDate "2015.08.06"]
[EventType "swiss"]
[EventRounds "7"]
[EventCountry "GER"]
[SourceTitle "CBM 167 Extra"]
[Source "ChessBase"]
[SourceDate "2015.09.14"]
[SourceVersion "1"]
[SourceVersionDate "2015.09.14"]
[SourceQuality "1"]

1. Nf3 d5 2. g3 c6 3. Bg2 Nf6 4. 0-0 Bg4 5. b3 Nbd7 6. Bb2 e6 7. d3 Bd6 8. c4 0-0 9. Nbd2 Qe7 10. a3 e5 11. e4 dxe4 12. dxe4 Rfd8 13. Qc2 Rac8 14. b4 Bc7 15. c5 b6 16. cxb6 Bxb6 17. Nc4 Bxf3 18. Bxf3 c5 19. b5 Ne8 20. Bg4 f6 21. Rfd1 Rb8 22. a4 Kh8 23. Rd2 Nf8 24. Rad1 Ne6 25. Bxe6 Qxe6 26. Ba3 Rd4 27. Ne3 Rbd8 28. Nf5 Rxd2 29. Rxd2 Rxd2 30. Qxd2 h6 31. a5 Bc7 32. Bxc5 Qb3 33. Qb4 Qa2 34. b6 axb6 35. axb6 Bb8 36. Qb5 Qe6 37. Ne7 Qf7 38. Qd7 Kh7 39. Qd8 Qb3 40. Qxe8 Qb1+ 41. Kg2 Qxe4+ 42. f3 Qc2+ 43. Bf2 1-0

[Event "Vellmar op 7th"]
[Site "Vellmar"]
[Date "2015.08.09"]
[Round "6"]
[White "Wastian, Jan"]
[Black "Knoth, Eugen"]
[Result "1/2-1/2"]
[WhiteElo "1760"]
[BlackElo "1993"]
[PlyCount "25"]
[EventDate "2015.08.06"]
[EventType "swiss"]
[EventRounds "7"]
[EventCountry "GER"]
[SourceTitle "CBM 167 Extra"]
[Source "ChessBase"]
[SourceDate "2015.09.14"]
[SourceVersion "1"]
[SourceVersionDate "2015.09.14"]
[SourceQuality "1"]

1. e4 e6 2. Nf3 d5 3. Nc3 dxe4 4. Nxe4 Bd7 5. d4 Bc6 6. Bd3 Nd7 7. c3 Ngf6 8. Nxf6+ Nxf6 9. Qe2 Bxf3 10. Qxf3 c6 11. 0-0 Be7 12. Qh3 0-0 13. Be3 1/2-1/2

[Event "GER-ch U25 op-A"]
[Site "Willingen"]
[Date "2015.05.26"]
[Round "4"]
[White "Steingraeber, Kai Uwe"]
[Black "Wastian, Jan"]
[Result "1-0"]
[WhiteElo "2159"]
[BlackElo "1800"]
[PlyCount "99"]
[EventDate "2015.05.24"]
[EventType "swiss"]
[EventRounds "9"]
[EventCountry "GER"]
[SourceTitle "CBM 166 Extra"]
[Source "ChessBase"]
[SourceDate "2015.06.18"]
[SourceVersion "1"]
[SourceVersionDate "2015.06.18"]
[SourceQuality "1"]

1. e4 c6 2. d4 d5 3. Nc3 dxe4 4. Nxe4 Nd7 5. Ng5 Ngf6 6. Bd3 e6 7. N1f3 Bd6 8. Qe2 h6 9. Ne4 Nxe4 10. Qxe4 Qc7 11. Bd2 Nf6 12. Qe2 c5 13. 0-0-0 Bd7 14. Kb1 0-0-0 15. Ne5 Ba4 16. Nf3 Bc6 17. Be3 Ne4 18. Bxe4 Bxe4 19. dxc5 Be7 20. Qc4 Bd5 21. Qc3 Bf6 22. Qb4 Bxf3 23. gxf3 Qc6 24. Qe4 Qb5 25. Bd4 Bxd4 26. Rxd4 Rxd4 27. Qxd4 Rd8 28. Qxg7 Qe2 29. Qxh6 Qxf3 30. Rf1 Qg2 31. Qc1 Qxh2 32. Qe1 Qh5 33. b4 Qg4 34. Rg1 Qd4 35. Rg3 Qc4 36. a3 Qf4 37. Re3 Rd5 38. Qe2 Rf5 39. f3 Rg5 40. Re4 Rg1+ 41. Ka2 Qc1 42. Kb3 Qb1+ 43. Ka4 Rc1 44. Rc4 a6 45. Rc3 Qa1 46. Qe3 Re1 47. Qd4 Rd1 48. Qg7 Rd8 49. c6 b6 50. Qxf7 1-0

[Event "GER-chT U16"]
[Site "Magdeburg"]
[Date "2014.12.29"]
[Round "5.4"]
[White "Zimmer, Raphael"]
[Black "Wastian, Jan"]
[Result "1-0"]
[WhiteElo "1797"]
[BlackElo "1771"]
[PlyCount "49"]
[EventDate "2014.12.27"]
[EventType "team-swiss"]
[EventRounds "7"]
[EventCountry "GER"]
[SourceTitle "EXT 2016"]
[Source "ChessBase"]
[SourceDate "2015.10.08"]
[SourceVersion "1"]
[SourceVersionDate "2015.10.08"]
[SourceQuality "1"]
[WhiteTeam "Sasbach"]
[BlackTeam "Brackel"]
[WhiteTeamCountry "GER"]
[BlackTeamCountry "GER"]

1. e4 c6 2. c4 d5 3. exd5 cxd5 4. cxd5 Nf6 5. Nc3 Nxd5 6. Nf3 g6 7. d4 Bg7 8. Qa4+ Bd7 9. Qb3 Nxc3 10. bxc3 Qc8 11. Bc4 0-0 12. Ng5 Be8 13. 0-0 Nc6 14. Bd3 Qc7 15. Rb1 Na5 16. Qb4 b6 17. Ba3 Bf6 18. Ne4 Bd7 19. Rbc1 Rfd8 20. d5 Nb7 21. Rfd1 Be8 22. Nxf6+ Kf8 23. Qh4 h5 24. Qg5 Kg7 25. Bxe7 1-0

[Event "GER-chT U16"]
[Site "Lingen"]
[Date "2013.12.27"]
[Round "1.4"]
[White "Wastian, Jan"]
[Black "Uellner, Ferdinand"]
[Result "1-0"]
[WhiteElo "1628"]
[BlackElo "1246"]
[PlyCount "57"]
[EventDate "2013.12.27"]
[EventType "team-swiss"]
[EventRounds "7"]
[EventCountry "GER"]
[SourceTitle "EXT 2015"]
[Source "ChessBase"]
[SourceDate "2014.11.20"]
[SourceVersion "1"]
[SourceVersionDate "2014.11.20"]
[SourceQuality "1"]
[WhiteTeam "Brackel"]
[BlackTeam "Darmstadt"]
[WhiteTeamCountry "GER"]
[BlackTeamCountry "GER"]

1. e4 e5 2. Nf3 Nc6 3. Bb5 Bc5 4. 0-0 Nge7 5. c3 a6 6. Ba4 b5 7. Bb3 d5 8. exd5 Nxd5 9. Nxe5 Nxe5 10. Re1 0-0 11. Rxe5 Qf6 12. d4 c6 13. Bg5 Qd6 14. Bxd5 cxd5 15. Bf4 Qf6 16. Bg3 Bb6 17. Rxd5 Be6 18. Re5 Rfe8 19. Nd2 Rad8 20. Qf3 Qe7 21. Rae1 b4 22. d5 Bc7 23. R5e2 Bxg3 24. hxg3 bxc3 25. bxc3 Qb7 26. dxe6 Qxf3 27. Nxf3 fxe6 28. Rxe6 Rxe6 29. Rxe6 1-0

[Event "Vellmar op-B 5th"]
[Site "Vellmar"]
[Date "2013.07.26"]
[Round "3"]
[White "Cotenescu, Daniel"]
[Black "Wastian, Jan"]
[Result "1/2-1/2"]
[WhiteElo "2000"]
[BlackElo "1620"]
[PlyCount "100"]
[EventDate "2013.07.25"]
[EventType "swiss"]
[EventRounds "7"]
[EventCountry "GER"]
[SourceTitle "EXT 2015"]
[Source "ChessBase"]
[SourceDate "2014.11.20"]
[SourceVersion "1"]
[SourceVersionDate "2014.11.20"]
[SourceQuality "1"]

1. e4 c6 2. d4 d5 3. e5 Bf5 4. Ne2 e6 5. Ng3 Bg6 6. h4 h5 7. Be2 Be7 8. Bxh5 Bxh5 9. Nxh5 g6 10. Nf4 Rxh4 11. Rxh4 Bxh4 12. g3 Be7 13. Nc3 Nd7 14. Nce2 Qb6 15. c3 0-0-0 16. b4 Kb8 17. Qd3 Qc7 18. Be3 Nb6 19. a4 Nc4 20. Bc1 Bf8 21. Qf3 Ne7 22. Nd3 Nc8 23. Nc5 Bxc5 24. bxc5 b6 25. Rb1 Ka8 26. cxb6 N8xb6 27. Ra1 Na5 28. Bg5 Rb8 29. Nc1 Nbc4 30. Nd3 Nb3 31. Rd1 Rb7 32. Kf1 Qa5 33. Nc1 Qxa4 34. Kg2 Nxc1 35. Rxc1 a6 36. Rh1 Qa3 37. Rh8+ Ka7 38. Bh6 Qe7 39. Bf8 Qc7 40. Bc5+ Nb6 41. Re8 a5 42. Qf6 Ka6 43. Bd6 Nd7 44. Qxf7 Qb6 45. Qxe6 Qb1 46. Ra8+ Kb5 47. Qg4 Ka4 48. Qe2 Nb6 49. Rg8 Rh7 50. Kf3 Qh1+ 1/2-1/2